| 000 | 00521nam a2200157 a 4500 | ||
|---|---|---|---|
| 001 | 000040180 | ||
| 005 | 20201002033951.0 | ||
| 008 | 130813s1982 fr ac 000 0 spa d | ||
| 040 |
_aDO-SdBNP _bspa _cBNPHU |
||
| 082 | _axxx | ||
| 100 | 1 |
_aVan Der Kemp, Gerald _966453 |
|
| 245 | 1 | 0 |
_aVersalles : _bguía paseo / _cGerald Van Der Kemp, Daniel Meyer ; versión española Brigitte Buzon- Marre. |
| 260 |
_aParís : _bEditions D´Art Lys, _c1982. |
||
| 300 |
_a128 p. : _bil., retrs. ; _c21 cm. |
||
| 700 | 1 |
_aMeyer, Daniel _966454 |
|
| 999 |
_c39670 _d39670 |
||